[Event "AUTO-INT-3371"]
[Site "http://www.queenalice.com/game.php?id=1541034"]
[Date "2018.9.4"]
[Round "1"]
[White "Ruusgugg"]
[Black "ZenjiX"]
[Result "1-0"]
[WhiteElo "1550"]
[BlackElo "1464"]

1. e4 e5 2. Nf3 Nf6 3. d3 Nc6 4. c3 d5 5. exd5 Nxd5 6. Ng5 f6 7. Ne4 g6 8. c4
Ndb4 9. Qf3 Nc2+ 10. Kd1 N6d4 11. Qg3 Nf5 12. Qf3 Nfd4 13. Qg3 g5 14. f3 Nxa1
15. b3 Nf5 16. Qe1 Be7 17. Qc3 Nxb3 18. Qxb3 Nd4 19. Qc3 Qd7 20. h4 Qa4+ 21. Kd2
Qxa2+ 22. Qb2 Qa5+ 23. Nbc3 Bb4 24. Nxf6+ Kf7 25. Nd5 Bxc3+ 26. Nxc3 gxh4 27.
Rxh4 h5 28. f4 Nf5 29. Rg4 hxg4 30. Kd1 g3 31. Bd2 Rh1 32. Ke2 Be6 33. Ne4 Nd4+
34. Ke3 Rxf1 35. Bxa5 Rf2 36. Nxf2 1-0

[Event "AUTO-INT-3371"]
[Site "http://www.queenalice.com/game.php?id=1541035"]
[Date "2018.9.4"]
[Round "1"]
[White "ZenjiX"]
[Black "Danado"]
[Result "0-1"]
[WhiteElo "1472"]
[BlackElo "1674"]

1. e4 e5 2. Nf3 d6 3. d4 exd4 4. Qxd4 Nc6 5. Qd2 h6 6. Bb5 Bd7 7. Bxc6 Bxc6 8.
Nc3 Qe7 9. Qd3 O-O-O 10. O-O Nf6 11. Re1 Qd7 12. Bf4 Re8 13. Rad1 Nxe4 14. Nxe4
Bxe4 15. Rxe4 Rxe4 16. Qxe4 Be7 17. Re1 Re8 18. Qd4 g5 19. Qxa7 c6 20. Be3 c5
21. Nd2 Qb5 22. Nb3 Qa6 23. Qxa6 bxa6 24. Na5 Kc7 25. Nc4 Rb8 26. Bd2 Bf6 27. b3
Kc6 28. Ba5 d5 29. Ne5+ Bxe5 30. Rxe5 c4 31. h3 cxb3 32. axb3 Rb5 33. Bd8 Kd7
34. Bf6 Rb6 35. Bg7 Kd6 36. Re1 Kc5 37. Bxh6 Rxh6 38. Re5 f6 39. Re6 Kb5 40. Rd6
d4 41. Rxd4 Rh7 42. g4 Kc5 0-1

[Event "AUTO-INT-3371"]
[Site "http://www.queenalice.com/game.php?id=1541036"]
[Date "2018.9.4"]
[Round "1"]
[White "Danado"]
[Black "ZenjiX"]
[Result "1-0"]
[WhiteElo "1637"]
[BlackElo "1495"]

1. d4 d5 2. e3 Nf6 3. h3 Nc6 4. Bb5 a6 5. Bxc6+ bxc6 6. Nc3 e6 7. Nf3 Bb4 8. Bd2
Bxc3 9. Bxc3 Bb7 10. Ne5 Ne4 11. Qf3 Qf6 12. Qxf6 Nxf6 13. Ba5 O-O 14. Bxc7 a5
15. O-O-O Ne8 16. Bb6 Nd6 17. Bc5 Rfd8 18. Bxd6 Rxd6 19. h4 f6 20. Nd3 Ba6 21.
Nc5 Kf7 22. Nxa6 Rxa6 23. a4 h5 24. Rd3 Rb6 25. b3 Rb4 26. Rh3 f5 27. Rg3 Kf6
28. f4 Rd7 29. Kb2 g6 30. Rc3 Rc7 31. Rc5 Rc8 32. Rxa5 Rb7 33. Rc5 Rb4 34. Ka3
Rb6 35. Rc3 Rb4 36. Kxb4 1-0

[Event "AUTO-INT-3347"]
[Site "http://www.queenalice.com/game.php?id=1544368"]
[Date "2018.10.1"]
[Round "2"]
[White "zmanomega"]
[Black "ZenjiX"]
[Result "0-1"]
[WhiteElo "1721"]
[BlackElo "1462"]

1. e4 e5 2. f4 Nc6 3. c3 exf4 4. Nf3 d6 5. d4 Bg4 6. d5 Ne5 7. Be2 Bxf3 8. gxf3
Qh4+ 9. Kd2 Qf2 10. Rf1 Qxh2 11. Na3 O-O-O 12. Nb5 a6 13. Qa4 axb5 14. Qa8+ Kd7
15. Qxb7 Nc4+ 16. Ke1 Ne3 17. Qxb5+ Ke7 18. Bxe3 fxe3 19. Qd3 Qf4 20. a4 Nf6 21.
a5 g6 22. c4 Bh6 23. b4 Qh4+ 24. Kd1 Kf8 25. b5 Kg7 26. a6 Nd7 27. Qd4+ Qf6 28.
Qxf6+ Kxf6 29. f4 Rhe8 30. Bd3 Nc5 31. Ke2 Nxd3 32. Kxd3 e2 33. Rfe1 Bxf4 34.
Rxe2 Ke5 35. Rf1 g5 36. Rfe1 h5 37. Rc2 h4 38. c5 h3 39. cxd6 Rxd6 40. Rxc7 h2
41. a7 Bg3 42. Rf1 Rf6 43. Rh1 Rf3+ 44. Kc4 Kxe4 45. d6 Bxd6 46. Rd7 Rc8+ 0-1

[Event "AUTO-INT-3347"]
[Site "http://www.queenalice.com/game.php?id=1544369"]
[Date "2018.10.1"]
[Round "2"]
[White "ZenjiX"]
[Black "zmanomega"]
[Result "1/2-1/2"]
[WhiteElo "1451"]
[BlackElo "1732"]

1. e4 e5 2. Nf3 f6 3. d4 Nc6 4. d5 Na5 5. Bd2 b6 6. Bxa5 bxa5 7. Nc3 Bb4 8. Qd3
Ne7 9. a3 Bxc3+ 10. Qxc3 O-O 11. Qc4 Kh8 12. O-O-O d6 13. Be2 Bb7 14. Qb5 Bc8
15. Qxa5 Qd7 16. Bb5 c6 17. dxc6 Nxc6 18. Qc3 Bb7 19. Rd3 Qg4 20. Bxc6 Rac8 21.
Rxd6 Bxc6 22. Rxc6 h6 23. Rxc8 Rxc8 24. Qe3 a6 25. g3 Kh7 26. Rd1 Qe6 27. b3 a5
28. a4 Qe7 29. Kb2 Qb7 30. Rd5 Qc7 31. Ne1 Rb8 32. Rc5 Qb6 1/2-1/2

[Event "AUTO-OPEN-3991"]
[Site "http://www.queenalice.com/game.php?id=1548809"]
[Date "2018.11.10"]
[Round "1"]
[White "ZenjiX"]
[Black "somchess"]
[Result "0-1"]
[WhiteElo "1452"]
[BlackElo "1417"]

1. e4 c5 2. c4 Nc6 3. Nc3 d6 4. d3 f5 5. f3 Nf6 6. Bg5 e5 7. Bxf6 Qxf6 8. Qe2
Nd4 9. Nd5 Qd8 10. Qd1 Be6 11. Qa4+ Bd7 12. Qd1 Be7 13. Ne2 O-O 0-1

[Event "AUTO-OPEN-3991"]
[Site "http://www.queenalice.com/game.php?id=1548810"]
[Date "2018.11.10"]
[Round "1"]
[White "somchess"]
[Black "ZenjiX"]
[Result "1-0"]
[WhiteElo "1434"]
[BlackElo "1435"]

1. d4 d5 2. c4 dxc4 3. e3 Nf6 4. Bxc4 Nc6 5. Nf3 Bg4 6. Qb3 e6 7. Qxb7 Bxf3 8.
gxf3 Nb4 9. Na3 Rb8 10. Qxa7 Nd3+ 11. Bxd3 Bxa3 12. Qxa3 1-0

[Event "AUTO-OPEN-3991"]
[Site "http://www.queenalice.com/game.php?id=1548811"]
[Date "2018.11.10"]
[Round "1"]
[White "ZenjiX"]
[Black "bmax"]
[Result "0-1"]
[WhiteElo "1484"]
[BlackElo "2106"]

1. e4 d6 2. d4 Nf6 3. Nc3 e5 4. dxe5 dxe5 5. Qxd8+ Kxd8 6. Bg5 c6 7. O-O-O+ Ke8
8. Bxf6 gxf6 9. Nge2 b5 10. Ng3 Be6 11. b3 Bb4 12. Rd3 Nd7 13. Be2 Nc5 14. Rf3
Ke7 15. Rd1 Ba3+ 16. Kd2 Rhd8+ 17. Ke1 Bb4 18. Kf1 Rxd1+ 19. Bxd1 Rd8 20. h3
Bxc3 21. Rxc3 Rxd1+ 22. Ke2 Nxe4 23. Nxe4 Ra1 24. Rxc6 Rxa2 25. Kd2 Bd5 26. Rc7+
Kd8 27. Nxf6 Kxc7 28. Nxd5+ Kd6 29. Nb4 Ra1 30. Ke2 Rg1 31. Kf3 f5 32. Na2 e4+
33. Kg3 Ke5 34. Nc3 f4+ 35. Kh2 Rf1 36. Nxb5 Rxf2 37. Kg1 Rxc2 38. Nxa7 e3 39.
Kf1 Ke4 40. Nb5 e2+ 41. Ke1 Ke3 42. Na3 Rc1# 0-1

[Event "AUTO-OPEN-3991"]
[Site "http://www.queenalice.com/game.php?id=1548812"]
[Date "2018.11.10"]
[Round "1"]
[White "bmax"]
[Black "ZenjiX"]
[Result "1-0"]
[WhiteElo "2108"]
[BlackElo "1482"]

1. d4 d5 2. Bf4 f5 3. Nf3 Nf6 4. e3 e6 5. c4 Bb4+ 6. Nbd2 Ne4 7. a3 Bxd2+ 8.
Nxd2 Qd7 9. Bd3 Nxd2 10. Qxd2 Qf7 11. cxd5 exd5 12. Bxc7 Qxc7 13. Rc1 Nc6 14.
O-O Bd7 15. b4 O-O-O 16. b5 Rhe8 17. bxc6 Bxc6 18. Bxf5+ Kb8 19. Bxh7 Rh8 20.
Qd3 g5 21. Rxc6 Qxc6 22. Bf5 Qh6 23. h3 Qf8 24. a4 Rd6 25. Rb1 Rf6 26. e4 g4 27.
Bxg4 Rxf2 28. Qg3+ Qf4 29. Qxf2 Qxe4 30. Re1 Qg6 31. Qg3+ Ka8 32. Re6 Qb1+ 33.
Kh2 Rf8 34. Qd6 Qh7 35. Qxd5 Qc7+ 36. g3 Rf2+ 37. Qg2 Rxg2+ 38. Kxg2 a6 39. h4
Qc2+ 40. Kh3 Qxa4 41. h5 Qxd4 42. h6 Qa1 43. Bf5 Qd4 44. h7 Qd7 45. Rxa6+ 1-0

[Event "AUTO-OPEN-3991"]
[Site "http://www.queenalice.com/game.php?id=1548813"]
[Date "2018.11.10"]
[Round "1"]
[White "ZenjiX"]
[Black "anto"]
[Result "1/2-1/2"]
[WhiteElo "1496"]
[BlackElo "1096"]

1. e4 Nf6 2. Nc3 e5 3. Nf3 Bd6 4. d4 Nc6 5. dxe5 Nxe5 6. Nxe5 Bxe5 7. Nd5 Nxe4
8. Bd3 f5 9. Bxe4 O-O 10. Bf3 c6 11. Nf4 d6 12. Nd3 Bf6 13. O-O Re8 14. Re1 Rf8
15. c3 h6 16. Bd2 Bd7 17. Nf4 Be5 18. Ng6 Re8 19. Bh5 Bf6 20. Rxe8+ Bxe8 21. Qe2
Qd7 22. Nf4 Bf7 23. Bxf7+ Qxf7 24. Nh5 Be5 25. b3 Kh7 26. Bf4 Bxc3 27. Rd1 Bb4
28. Bxd6 Bxd6 29. Rxd6 Re8 30. Qd1 Re7 31. Rd8 g6 32. Nf4 g5 33. Nh5 g4 34. Nf4
Qf6 35. Rd6 Qg5 36. Ne6 Qg8 37. Nf4 Qe8 38. Kf1 h5 39. Rd8 Qf7 40. g3 c5 41. Qa1
Qg7 42. Qxg7+ Kxg7 43. Nxh5+ Kg6 44. Nf4+ Kh6 45. Rd5 b6 46. Rxf5 Rd7 47. Rf8
Rd2 48. Rf6+ Kg5 49. Rg6+ Kf5 50. a4 Rb2 51. Rg7 a5 52. Rg6 Rxb3 53. Rc6 Rb1+
54. Kg2 Ke4 55. h3 gxh3+ 56. Nxh3 Kd4 57. Nf4 c4 58. Rd6+ Kc5 59. Rd2 Kb4 60.
Nd5+ Kc5 61. Nc3 Rb3 62. Rc2 Ra3 63. Rc1 Kb4 64. Nd5+ Kc5 65. Nc3 Kb4 66. Nd5+
Kc5 67. Nc3 Kb4 1/2-1/2

[Event "AUTO-OPEN-3991"]
[Site "http://www.queenalice.com/game.php?id=1548814"]
[Date "2018.11.10"]
[Round "1"]
[White "anto"]
[Black "ZenjiX"]
[Result "0-1"]
[WhiteElo "1100"]
[BlackElo "1480"]

1. e4 e5 2. Nc3 Nc6 3. Nf3 Nf6 4. Bc4 d6 5. d3 Qe7 6. O-O Be6 7. Nd5 Bxd5 8.
exd5 Nd4 9. Re1 Nxf3+ 10. Qxf3 O-O-O 11. Bg5 h6 12. Qh3+ Qd7 13. Qh4 Be7 14. a4
hxg5 15. Qxg5 Ng4 16. Qd2 Nxh2 17. f3 Qf5 18. d4 e4 19. fxe4 Nf3+ 20. gxf3 Qxf3
21. Qg2 Qf6 22. c3 Rh6 23. e5 Qg6 24. Qxg6 Rxg6+ 25. Kf2 Bh4+ 26. Ke2 Bxe1 27.
Rxe1 Rg2+ 28. Kd1 Rxb2 29. Bd3 g5 30. e6 Rh8 31. exf7 g4 32. Rf1 Rf8 33. c4 g3
34. c5 g2 35. Kc1 Rb3 36. Kc2 Rxd3 37. Rg1 Ra3 38. Kb2 Rg3 39. c6 Rxf7 40. cxb7+
Kxb7 41. Kc2 Rf1 42. Rxg2 Rxg2+ 43. Kd3 Kb6 44. Kc4 Rg3 45. Kb4 a5+ 46. Kc4 Rc1#
0-1

[Event "AUTO-INT-3388"]
[Site "http://www.queenalice.com/game.php?id=1550517"]
[Date "2018.11.24"]
[Round "1"]
[White "ZenjiX"]
[Black "tche_elvio"]
[Result "0-1"]
[WhiteElo "1496"]
[BlackElo "1414"]

1. e4 e6 2. d4 d5 3. e5 c5 4. Nf3 Nc6 5. dxc5 Bxc5 6. Bb5 Qa5+ 7. Nc3 Ne7 8.
Bxc6+ bxc6 9. Nd4 Bxd4 10. Qxd4 Nf5 11. Qa4 Qxa4 12. Nxa4 O-O 13. Bd2 Rb8 14. b3
Ba6 15. Nc5 Bc8 16. O-O h6 17. Rfe1 Rb5 18. b4 Nd4 19. Rac1 a5 20. c3 Nf5 21.
Rb1 axb4 22. c4 dxc4 23. Na4 c3 24. Be3 Nxe3 25. Rxe3 Rd5 26. Nb6 Rd2 27. Re4 c2
28. Rc1 Rd1+ 29. Re1 Rxe1+ 30. Rxe1 Rd8 31. Nxc8 Rd1 32. Ne7+ Kh7 33. Kf1 Rxe1+
0-1

[Event "AUTO-INT-3388"]
[Site "http://www.queenalice.com/game.php?id=1550518"]
[Date "2018.11.24"]
[Round "1"]
[White "tche_elvio"]
[Black "ZenjiX"]
[Result "0-1"]
[WhiteElo "1430"]
[BlackElo "1482"]

1. d4 d5 2. c4 Nf6 3. Nc3 e6 4. a3 dxc4 5. g3 Bd6 6. Bg2 c6 7. Nf3 b5 8. b4 cxb3
9. O-O O-O 10. Qxb3 Nd5 11. Nxd5 exd5 12. Bg5 Be7 13. Bxe7 Qxe7 14. Ne5 Re8 15.
e4 dxe4 16. Qxf7+ Qxf7 17. Nxf7 Kxf7 18. Rfe1 Bf5 0-1

[Event "AUTO-INT-3388"]
[Site "http://www.queenalice.com/game.php?id=1550519"]
[Date "2018.11.24"]
[Round "1"]
[White "ZenjiX"]
[Black "Nuzzera"]
[Result "1-0"]
[WhiteElo "1477"]
[BlackElo "1620"]

1. e4 e5 2. Nf3 Qf6 3. Nc3 c6 4. d3 Bb4 5. Bg5 Qg6 6. Qd2 f6 7. Be3 c5 8. a3
Bxc3 9. Qxc3 b6 10. O-O-O Ne7 11. g3 O-O 12. Qc4+ Rf7 13. Kb1 f5 14. Ng5 Ba6 15.
Qc3 Rf8 16. Qxe5 Nbc6 17. Qc3 fxe4 18. Nxe4 d5 19. Bg2 d4 20. Bxd4 cxd4 21. Qb3+
Rf7 22. Rde1 Rf8 23. f3 Na5 24. Qa2 Nf5 25. Nf2 Rc8 26. Bh3 Rc5 27. Re8# 1-0

[Event "AUTO-INT-3388"]
[Site "http://www.queenalice.com/game.php?id=1550520"]
[Date "2018.11.24"]
[Round "1"]
[White "Nuzzera"]
[Black "ZenjiX"]
[Result "1-0"]
[WhiteElo "1616"]
[BlackElo "1491"]

1. e4 Nc6 2. Bb5 e5 3. Bxc6 dxc6 4. Qh5 Qf6 5. Qe2 Bd7 6. f3 Be7 7. Qe3 Qg5 8.
Qf2 b6 9. Ne2 Qh4 10. g3 Qh6 11. g4 Bh4 12. Ng3 Bxg3 13. Qxg3 Qf4 14. Qf2 O-O-O
15. Qe2 Kb7 16. Qd3 Nf6 17. Qb3 Be6 18. Qa3 Nxe4 19. fxe4 Bxg4 20. Qe3 Qf6 21.
d3 h5 22. Qg1 Qf3 23. Nc3 Rd4 24. Be3 Rb4 25. b3 Rd8 26. Kd2 f5 27. Rf1 Qh3 28.
Qg3 Qxg3 29. hxg3 fxe4 30. a3 Rbd4 31. Bxd4 exd4 32. Nxe4 g6 33. Rf6 Bf3 34.
Rxf3 1-0

[Event "AUTO-INT-3388"]
[Site "http://www.queenalice.com/game.php?id=1550521"]
[Date "2018.11.24"]
[Round "1"]
[White "ZenjiX"]
[Black "kanibal"]
[Result "0-1"]
[WhiteElo "1419"]
[BlackElo "1588"]

1. e4 e5 2. Nf3 Nc6 3. d4 Nxd4 4. Nxd4 exd4 5. Qxd4 Nf6 6. Bg5 h6 7. Bxf6 Qxf6
8. Qxf6 gxf6 9. a3 b6 10. Nc3 d6 11. Bd3 Rg8 12. g3 Bg4 13. O-O O-O-O 0-1

[Event "AUTO-INT-3388"]
[Site "http://www.queenalice.com/game.php?id=1550522"]
[Date "2018.11.24"]
[Round "1"]
[White "kanibal"]
[Black "ZenjiX"]
[Result "1-0"]
[WhiteElo "1597"]
[BlackElo "1410"]

1. e4 e5 2. d4 Qh4 3. Qd3 Nf6 4. Nf3 Qxe4+ 5. Qxe4 Nxe4 6. dxe5 Nc6 7. Bd3 Nc5
8. O-O d6 9. exd6 Bxd6 10. b4 Nxd3 11. cxd3 Be6 12. Nbd2 1-0

[Event "AUTO-INT-3390"]
[Site "http://www.queenalice.com/game.php?id=1551824"]
[Date "2018.12.4"]
[Round "1"]
[White "ZenjiX"]
[Black "Quanah4"]
[Result "0-1"]
[WhiteElo "1465"]
[BlackElo "1544"]

1. e4 c5 2. c4 g6 3. Nc3 Bg7 4. Nf3 e6 5. e5 d5 6. d3 d4 7. Ne4 b6 8. Nd6+ Kf8
9. Bg5 f6 10. exf6 Qxd6 11. fxg7+ Kxg7 12. Be2 Nf6 13. Qd2 h6 14. Bxf6+ Kxf6 15.
O-O Kg7 16. Bd1 Bb7 17. Re1 Nc6 18. a3 Rae8 19. Re4 Na5 20. Re1 Bxf3 21. Bxf3
Nb3 0-1

[Event "AUTO-INT-3390"]
[Site "http://www.queenalice.com/game.php?id=1551825"]
[Date "2018.12.4"]
[Round "1"]
[White "Quanah4"]
[Black "ZenjiX"]
[Result "1-0"]
[WhiteElo "1513"]
[BlackElo "1480"]

1. c4 e5 2. g3 Nf6 3. Bg2 d5 4. cxd5 Nxd5 5. e3 Nc6 6. Ne2 Ndb4 7. O-O Be7 8. a3
Nd3 9. Qb3 Be6 10. Qxb7 Bd5 11. Qb5 Nxc1 12. Rxc1 Qd7 13. Bxd5 O-O 14. Bxc6 Qg4
15. Nbc3 Rab8 16. Qxe5 Bf6 17. Qe4 1-0

[Event "AUTO-INT-3390"]
[Site "http://www.queenalice.com/game.php?id=1551826"]
[Date "2018.12.4"]
[Round "1"]
[White "ZenjiX"]
[Black "dlabedz"]
[Result "1-0"]
[WhiteElo "1522"]
[BlackElo "1259"]

1. e4 e5 2. Nf3 Bd6 3. d4 f6 4. d5 a6 5. a3 c6 6. Nc3 c5 7. Bc4 b5 8. Be2 c4 9.
O-O Qe7 10. Be3 g6 11. a4 b4 12. Na2 c3 13. bxc3 Bb7 14. cxb4 1-0

[Event "AUTO-INT-3390"]
[Site "http://www.queenalice.com/game.php?id=1551827"]
[Date "2018.12.4"]
[Round "1"]
[White "dlabedz"]
[Black "ZenjiX"]
[Result "1-0"]
[WhiteElo "1254"]
[BlackElo "1527"]

1. d4 d5 2. h3 h6 3. Nf3 Nf6 4. e3 e6 5. a3 Nc6 6. Nc3 Ne4 7. Bd3 Nxc3 8. bxc3
Be7 9. g4 Bh4 10. Qd2 Qf6 11. Be2 Bd7 12. Bb2 e5 13. O-O-O Bxf2 14. Rh2 O-O-O
15. Rxf2 Qh4 16. Nxh4 1-0

[Event "AUTO-INT-3390"]
[Site "http://www.queenalice.com/game.php?id=1551828"]
[Date "2018.12.4"]
[Round "1"]
[White "ZenjiX"]
[Black "Givanildo"]
[Result "1-0"]
[WhiteElo "1499"]
[BlackElo "1665"]

1. e4 e6 2. d4 d5 3. e5 Bb4+ 4. c3 Be7 5. Qg4 g6 6. Nf3 h5 7. Qg3 a6 8. Ng5 h4
9. Qe3 Rh5 10. f4 c5 11. Be2 Rxg5 12. fxg5 Nc6 13. Nd2 Bxg5 14. Qf2 c4 15. Rf1
Bxd2+ 16. Bxd2 b5 17. Qxf7# 1-0

[Event "AUTO-INT-3390"]
[Site "http://www.queenalice.com/game.php?id=1551829"]
[Date "2018.12.4"]
[Round "1"]
[White "Givanildo"]
[Black "ZenjiX"]
[Result "1-0"]
[WhiteElo "1676"]
[BlackElo "1500"]

1. d4 d5 2. Bf4 h6 3. e3 Bf5 4. Bb5+ c6 5. Ba4 Nf6 6. h3 e6 7. g4 Bh7 8. Nd2 Bd6
9. Ngf3 Bxf4 10. exf4 b5 11. Bb3 a5 12. a3 O-O 13. Qe2 Ne4 14. Nxe4 dxe4 15. Nd2
Qxd4 16. O-O-O a4 17. c3 Qd3 18. Qxd3 exd3 19. f5 exf5 20. g5 hxg5 21. Ba2 Nd7
22. h4 g4 23. h5 Rae8 24. h6 g6 25. f4 Nc5 26. c4 Ne6 27. cxb5 cxb5 28. b3 Rc8+
29. Kb2 Rc2+ 30. Kb1 Nd4 31. b4 Rfc8 32. Rhe1 R8c3 33. Re8# 1-0